01460nam a2200253 a 450000100100000000500170001000800410002704000250006808200200009311000780011324000160019124501480020724600470035526000740040230000210047650001400049765000590063765000510069665000670074795201330081495201180094795201240106599900170118900002043820200930011119.0090723s2014 dr 001 0 spa d aDO-SdBNPbspacBNPHU aR340.016bR426i2 aRepública DominicanabConsultoría Jurídica del Poder Ejecutivo948310aLeyes, etc.10aÍndice general de la legislación de la República Dominicana :baño 2014 (periodo del gobierno constitucional del Lic. Danilo Medina) /.10aLegislación de la República Dominicana aSanto Domingo :bConsultoría Jurídica del Poder Ejecutivo,c2014. a458 p. ;c24 cm. aEl suscrito, consultor jurídico del Poder Ejecutivo, certifica que la presente publicación es oficial (Dr. César R. Pina Toribio) 4aLegislaciónzRepública DominicanavÍNDICE913207 4aLeyeszRepública DominicanavÍNDICE913208 4aPromulgacion de leyeszRepública DominicanavÍNDICE913209 001052708DSaGRbGRcHDd2017-05-23iLF1l0oR340.016 R426ip20438-30r2020-06-25te. 3w2020-06-25yLFDSZPréstamo interno 0010718PDaPDbPDcHDd2017-05-23iLF1l0oR340.016 R426ip20438-10r2020-06-25w2020-06-25yLFPDZNo se presta 0010718PDaPDbPDcHDd2017-05-23iLF1l0oR340.016 R426ip20438-20r2020-06-25te. 2w2020-06-25yLFPDZNo se presta c19942d19942